| 000 | 00517nam a2200205 a 4500 | ||
|---|---|---|---|
| 001 | BRCA_6653 | ||
| 005 | 20190320205537.0 | ||
| 008 | 111011s1869----gw-#######---#000-0#ger-# | ||
| 041 | _ager | ||
| 044 | _agw | ||
| 050 | 4 |
_aPT2368 _b.J5 U6 _c1869 |
|
| 100 | 1 |
_aJensen, Wilhelm _d1837-1911 _916659 |
|
| 245 | 1 | 0 |
_aUnter heisserer Sonne _cWilhelm Jensen. |
| 260 |
_aBerlĂn ; Viena _bAllstein _c[1869] |
||
| 300 |
_a304 p. _c16 cm. |
||
| 500 | _aL158 | ||
| 650 | 1 | 4 |
_aLiteratura _916400 |
| 902 | _aGFM | ||
| 942 |
_2lcc _cB |
||
| 999 |
_c6337 _d6337 |
||